000 01361cam a2200349 a 4500
001 EDZ0000104877
003 StDuBDS
005 20161031105126.0
006 m||||||||d||||||||
007 cr |||||||||||
008 121017s2010 cau fo| 001|0|eng|d
020 _a9781452274683 (ebook) :
_cNo price
040 _aStDuBDS
_beng
_cStDuBDS
_epn
049 _aAlfaisal Main Library
050 0 _aHV9471
_b.B675 2010
082 0 4 _a365.973
_223
100 1 _aBosworth, Mary.
245 1 0 _aExplaining U.S. imprisonment
_h[electronic resource] /
_cMary Bosworth.
260 _aLos Angeles, [Calif.] ;
_aLondon :
_bSAGE,
_cc2010.
300 _a1 online resource (xi, 288 p.)
520 8 _aThis text builds on and extends some of the contemporary issues of women in prison, minorities, and the historical path to modern prisons, as well as the social influences on prison reform.
521 _aSpecialized.
588 _aDescription based on print version record.
504 _aIncludes bibliographical references and index.
650 0 _aImprisonment
_zUnited States.
650 0 _aPrisons
_zUnited States.
655 7 _aElectronic books.
_2local
710 2 _aSage eBooks
776 0 8 _iPrint version :
_z9781412924870
856 4 0 _uhttp://ezproxy.alfaisal.edu/login?url=http://sk.sagepub.com/books/explaining-us-imprisonment
942 _2lcc
_cEBOOKS
999 _c479848
_d479848